000 00288nam a2200109Ia 4500
008 190919s9999||||xx |||||||||||||| ||und||
100 _a Deborah Charlesworth
245 0 _aEvolution : A Very Short Introduction
260 _aCanada
_bTata McGraw Hill
_c2000
300 _a443
942 _cBK
999 _c11495
_d11495